Oxford placement test
Сохранить в:
| Главный автор: | |
|---|---|
| Формат: | |
| Язык: | Undetermined |
| Опубликовано: |
Oxford, UK
Oxford Univesity Press
1992
|
| Предметы: | |
| Метки: |
Добавить метку
Нет меток, Требуется 1-ая метка записи!
|
| Thư viện lưu trữ: | Trung tâm Học liệu Trường Đại học Cần Thơ |
|---|
| LEADER | 00533nam a2200193Ia 4500 | ||
|---|---|---|---|
| 001 | CTU_118911 | ||
| 008 | 210402s9999 xx 000 0 und d | ||
| 082 | |a 428.0076 | ||
| 082 | |b A417/C.1 | ||
| 100 | |a Allan, Dave | ||
| 245 | 0 | |a Oxford placement test | |
| 245 | 0 | |c Dave Allan | |
| 260 | |a Oxford, UK | ||
| 260 | |b Oxford Univesity Press | ||
| 260 | |c 1992 | ||
| 650 | |a English language,English language | ||
| 650 | |x Study and teaching,Listening | ||
| 904 | |i M.Loan | ||
| 980 | |a Trung tâm Học liệu Trường Đại học Cần Thơ | ||